000 01671nam0a2200313 i 4500
001 RU\NLR\BIBL_A\010731580
005 20240921205935.0
010 _a9785931903439
_9500
021 _aRU
_b15-14911
035 _a(NILC)RuMoRGB-007883877
035 _a(NLR Aleph) 010731580
090 _a9866848
_c9866848
100 _a20150417d2014 k y0rusy50 ca
101 0 _arus
102 _aRU
105 _aa|||z|||000yy
200 1 _aВоля как предмет психологического и психофизиологического исследования: индивидуальные различия волевой активности и их типологические предпосылки
_eмонография
_fВ. П. Прядеин
_gДепартамент образования и молодежной политики Ханты-Мансийского авт. окр. - Югры, Гос. образовательное учреждение высш. проф. образования Ханты-Мансийского авт. окр. - Югры "Сургутский гос. пед. ун-т"
210 _aСургут
_cСурГПУ
_d2014
215 _a189 с.
_cил.
_d30
320 _aБиблиогр.: с. 110-116
606 1 _aВоля
_xПсихологические исследования
_92141598
_3RU\NLR\AUTH\661290734
686 1 _aЮ935.22
700 1 _7ca
_8rus
_aПрядеин
_bВ. П.
_f1949-
_gВалерий Павлович
_9186220
_3RU\NLR\AUTH\770186271
801 0 _aRU
_bРГБ
_c20150311
_gRCR
801 1 _aRU
_bРГБ
_c20150311
_2rusmarc
942 _cBOOK
980 _aNBR